Economic cooperation among Islamic countries.
| Format: | Book |
|---|---|
| Published: |
[s.l]:
MUSIAD,
1994.
|
| Subjects: |
| LEADER | 00436cam a2200145 7i4500 | ||
|---|---|---|---|
| 001 | 0000006085 | ||
| 005 | 19991025090000.0 | ||
| 002 | ##000007740 | ||
| 020 | 0 | 0 | |a T000005992 |
| 090 | 0 | 0 | |a I 337.1 |b ECO |
| 245 | 0 | 0 | |a Economic cooperation among Islamic countries. |
| 260 | 0 | 0 | |a [s.l]: |b MUSIAD, |c 1994. |
| 300 | 0 | 0 | |a 88 p.. |
| 650 | 0 | 0 | |a Islamic countries -- |x International economic intergration |
| 999 | |a 0000008820 |b Book |c Open shelf |e Business Information Centre | ||